Quizzes
Events
Quiz Creation
Community
Videos
Private Events
Remove Ads
Sign In
Join for FREE
Feedback
Dark Mode
Quiz Categories
Sports
Geography
Music
Movies
Television
Just For Fun
Miscellaneous
History
Literature
Language
Science
Gaming
Entertainment
Religion
Holiday
For Kids
Quiz Lab
Recent
Popular Today
Quiz Kudos Today
Editor Picks
Curator Picks
Quizzes by...
Day
Popularity
Type
Ratings
Length
Year
Community
Subscriptions
Recent Discussions
Orange Saloon
Badges
Playlists
Quests
Create
Leaderboards
Showdown
Live 5
Trivia Bingo
Activity
Puzzle Library
Sporcle Events
Private Events
Virtual Trivia
Globe League
Become a Host
Pub Owners
SporcleCon
Opinionation
Our Games
Videos
Blog
Mobile Apps
Partnerships
Remove Ads and Go Orange
Feedback
Miscellaneous
Crossword
General Knowledge
Baby Names
Logo
Food
Cars
Numbers
Grab Bag
University
College
Popular
Company
Slogans
Restaurants
Justice
Letter
Miscellaneous
Crossword
General Knowledge
Baby Names
Logo
Food
Cars
Numbers
Grab Bag
University
College
Popular
Company
Slogans
Restaurants
Justice
Letter
Random Quiz
Search Sporcle
×
Quiz Lab
Quiz Lab
Miscellaneous
shark
Type in answers that appear in a list
Type in answers that appear in a list
Classic
Best Score? Go Orange.
19 types of sharks Stats
Can you name the type of shark?
By
sean99
5m
19 Questions
1,358 Plays
1,358 Plays
1,358 Plays
Comments
Comments
Give Quiz Kudos
Give Quiz Kudos
-
- Ratings
hide this ad
Replay
Link that replays current quiz
Next Quiz
Link to next quiz in quiz playlist
You Got
0%
They Got
Avg Score
59%
Avg Friend Score
Upgrade to see
Score Distribution
Jump to the score distribution portion of the page
Score
0/19
Timer
05:00
0
Plays Today
fact about shark
shark
% Correct
more attacks on people than any other type.
GREAT WHITE
97.5%
second most attacks on people
TIGER
92.6%
biggest shark and biggest fish
WHALE
91.4%
eyes and nostrils are far apart, giving it a 'hammerhead' appearance and allowing the shark to extend the range of its senses.
HAMMERHEAD
89.7%
third most dangerous to people
BULL
86.6%
fastest swimmer (43 miles per hour)
MAKO
83.4%
second largest shark (about 30 feet long and 8,000 pounds)
BASKING
76.1%
among the fastest swimming sharks and can even leap out of the water # diet consists mostly of squid, bu
BLUE
69.1%
10 foot tail (1/
2 as long as the body) which it uses to herd small fish
THRESHER
66.9%
thin, fleshy, whisker-
like organs on the lower jaw in front of the nostrils that they use to touch and taste
NURSE
66.1%
fact about shark
shark
% Correct
pale, pinkish grey skin with a long pointed snout (it looks a bit like a sword on top of its head)
GOBLIN
58.2%
eats perfecty round chunks out of living whales and dolphins by clamping its teeth extremely sharp teeth onto them.
COOKIECUTTER
48.5%
10 feet long
SANDTIGER
40.6%
dark grey with a white tip on the first and sometimes on the second dorsal fin as well as the tail lobes
WHITE TIP REEF
37.6%
They bury themselves in the sand or mud with only the eyes and part of the top of the body exposed.
ANGEL
35.3%
filters food into its mouth with worm-
like projections on its head
WOBBEGONG
30.5%
about 6 feet long
BLACKTIP REEF
24.2%
tail is half its length
ZEBRA
16.7%
slightly poisonous spines (not very harmful to people)
SPINY DOGFISH
11.8%
Quiz Playlist
Details
Report
Send in Message
Add To Playlist
Classic:
Type in answers that appear in a list
Quiz Source
Last Updated: Feb 16, 2017
Quiz Scoreboard
CHALLENGE
Sign Up to Join the Scoreboard
Show All
Scores
Hide
Comments
May contain spoilers
Recently Published
Presidents Visiting Landmarks
by Hejman
History
7m
An Introduction to Baseball
by treessimontrees
Sports
5m
Movies - When Are They Set?
by FPL_Elf
Movies
5m
More to Explore
Quiz From the Vault
Featured Blog Post
Where Did the Easter Bunny Come From?
hide this ad
You Might Also Like...
Tags
shark
Today's Top Quizzes in Miscellaneous
Browse Miscellaneous
hide this ad
Today's Top Quizzes in shark
Browse shark
Top Contributed Quizzes in Miscellaneous
1
5-to-1: Fast Food
2
The JOE quick-fire general knowledge quiz: Day 174
3
The JOE quick-fire general knowledge quiz: Day 173
4
The JOE quick-fire general knowledge quiz: Day 172
5
5-to-1: Cocktails
6
Sunday Crossword: Famous Bodies of Water
7
One Thing in Common: United Kingdom II
8
The JOE quick-fire general knowledge quiz: Day 171
9
Named After an Animal - Odd One Out!
10
The JOE quick-fire quiz: Day 170
Explore More
Trending Topics
Kpop
NBA
Anime
Crossword
Marvel
Disney
Harry Potter
NFL
WWE
Pokémon
Puzzle
Song
The Office
Soccer
Country
hide this ad
More By:
sean99
Quiz
Plays
Rating
Category
Featured
Created
Theoretical Physics and Science
1,962
4.40
Science
Nov 8, 2009
Name the Opposite
1,937
2.71
Miscellaneous
Oct 24, 2009
19 types of sharks
1,358
2.86
Miscellaneous
Oct 26, 2009
50 Interesting State Facts
552
3.40
Geography
Oct 25, 2009
10 Hard Baseball Questions
454
4.00
Sports
Jan 3, 2012
Go to Creator's Profile
Score Distribution
Quiz Creator Spotlight
sean99
Follow
Send a Message
Quizzes Created
-
Created Quiz Play Count
-
More By This Creator
Popular Quizzes Today
1
Find the US States - No Outlines Minefield
2
Find the Countries of Europe - No Outlines Minefield
3
The Countries of the World
4
Find the US States
5
Popular People in 1961
6
US States
7
Risky Map Clicking: Biggest States A-Z
8
Movies - When Are They Set?
More Miscellaneous Quizzes
Anything but the Picture: Miscellaneous
Published
Trending Quizzes
Risky Map Clicking: Least Populous States A-Z
1-10 Letter G Words
1-10 Letter F Words
Risky Map Clicking: Next State Alphabetically
Risky Map Clicking: Biggest States A-Z
Recently Updated
Leaping Animals
pecheneg
Reality TV Shows (A-Z)
bhenderson79
Rickey Henderson's Hall of Fame Teammates
pecheneg
Champions League XIs: Arsenal
pecheneg
Quick Pick: Celebrities in WWE's Hall of Fame
aduchscher
A-Z Keypad Blitz II
pecheneg
Multiple Oscar Actors
pecheneg
Mystery Phrase Blitz: Oscar 'Best Actors'
pecheneg
F. Scott Fitzgerald Novels
LTH
Pick 3 Villains
ddd62291
Trending Topics
Harry Potter
Disney
Crossword
NBA
Kpop
Anime
Marvel
Pokémon
Song
WWE
Puzzle
Country
NFL
Soccer
The Office
Your Account Isn't Verified!
In order to create a playlist on Sporcle, you need to verify the email address you used during registration. Go to your
Sporcle Settings
to finish the process.
Report this User
Report this user for behavior that violates our
Community Guidelines
.
Details:
Send Report
Go to the Sporcle.com Mobile Site →
Comments